Statistics for The Grand European football quiz 2023/24

Click here to take the quiz!

General Stats

  • This quiz has been taken 4,574 times
    (1,173 since last reset)
  • The average score is 156 of 371

Answer Stats

HintAnswer% Correct
Ligue 1Lyon
95%
Champions League | Premier LeagueArsenal
94%
Champions League | Premier LeagueManchester City
94%
Champions League | Premier LeagueManchester United
94%
Premier LeagueChelsea
92%
Premier LeagueLiverpool
91%
Europa LeagueLiverpool
89%
Conference League | Premier LeagueAston Villa
88%
Premier LeagueTottenham
86%
Bundesliga | Champions LeagueBayern Munich
85%
Champions League | Serie AAC Milan
83%
Bundesliga | Champions LeagueBorussia Dortmund
83%
Champions League | Premier LeagueNewcastle
83%
Champions League | LaLigaReal Madrid
83%
Champions League | LaLigaBarcelona
82%
Champions League | Serie AInter Milan
82%
Europa League | Premier LeagueWest Ham
82%
Europa League | Premier LeagueBrighton
81%
Premier LeagueEverton
81%
Premier LeagueLuton
81%
Champions League | Ligue 1PSG
81%
Premier LeagueWolverhampton
80%
Champions League | LaLigaAtlético Madrid
79%
Premier LeagueBurnley
79%
Serie AJuventus
79%
Ligue 2Auxerre
78%
EredivisieAZ Alkmaar
78%
Serie ANapoli
77%
Europa League | Serie AAS Roma
76%
Bundesliga | Europa LeagueBayer Leverkusen
76%
Premier LeagueBournemouth
76%
Premier LeagueNottingham
76%
Premier LeagueCrystal Palace
75%
Premier LeagueFulham
75%
ChampionshipLeicester
75%
Premier LeagueBrentford
73%
Champions LeagueFC Porto
72%
Europa League | Ligue 1Marseille
72%
Champions LeagueNapoli
72%
Liga PortugalPorto
72%
Champions League | EredivisiePSV
72%
Premier LeagueSheffield United
72%
Champions League | Liga PortugalBenfica
71%
Champions LeagueRB Leipzig
71%
Champions League | LaLigaSevilla
71%
BundesligaRB Leipzig
70%
Champions League | Scottish PremierCeltic
69%
Champions League | Serie ALazio
69%
Champions LeagueReal Sociedad
69%
Eredivisie | Europa LeagueAjax
68%
Europe League | Liga PortugalSporting
67%
LaLigaValencia
67%
ChampionshipLeeds
65%
Bundesliga | Champions LeagueUnion Berlin
65%
LaLigaAthletic Bilbao
64%
Ligue 1Lille
64%
Europa League | Scottish PremierRangers
64%
LaLigaReal Sociedad
64%
Serie AFiorentina
63%
LaLigaGirona
63%
Conference LeagueLille
63%
Ligue 1Monaco
63%
BundesligaStuttgart
63%
BundesligaWolfsburg
63%
Champions League | EredivisieFeyenoord
62%
2. BundesligaHamburger SV
62%
Conference LeagueFiorentina
61%
LaLigaVillarreal
61%
BundesligaWerder Bremen
61%
ChampionshipSouthampton
60%
Europa League | Serie AAtalanta
59%
Europa League | LaLigaBetis
59%
Bundesliga | Conference LeagueEintracht Frankfurt
59%
2. BundesligaSchalke
59%
BundesligaFC Köln
58%
Serie ABologna
57%
BundesligaBorussia Mönchengladbach
57%
Champions League | Liga PortugalBraga
57%
Serie ATorino
56%
Champions League | Super League (SUI)Young Boys
56%
ChampionshipNorwich
55%
Ligue 1Nice
54%
ChampionshipBirmingham
53%
ChampionshipIpswich
53%
Champions League | Ligue 1Lens
53%
Ligue 1Nantes
53%
BundesligaAugsburg
52%
2. BundesligaHertha Berlin
52%
ChampionshipSunderland
52%
Ligue 2Bordeaux
51%
Conference LeagueClub Brugge
51%
ChampionshipQPR
51%
Europa League | Ligue 1Rennes
51%
ChampionshipSheffield Wednesday
51%
Champions LeagueGalatasaray
50%
Serie AVerona
50%
Jupiler Pro LeagueAnderlecht
49%
Champions League | Jupiler Pro LeagueAntwerp
49%
ChampionshipCardiff
49%
Serie AGenoa
49%
BundesligaHoffenheim
49%
Conference League | Scottish PremierAberdeen
48%
Super League (SUI)Basel
48%
ChampionshipBlackburn
48%
LaLigaGetafe
48%
BundesligaMainz
48%
Europa League | Ligue 1Toulouse
48%
Serie ACagliari
47%
Champions LeagueFC Copenhagen
47%
LaLigaMallorca
47%
EredivisieSparta Rotterdam
47%
ChampionshipSwansea
47%
Serie AUdinese
47%
ChampionshipWatford
47%
ChampionshipWest Brom
47%
BundesligaFreiburg
46%
ChampionshipHull
46%
Ligue 1Montpellier
46%
Serie BParma
46%
Ligue 1Strasbourg
46%
Ligue 1Brest
45%
Champions LeagueCrvena Zvezda
45%
LaLiga2Espanyol
45%
Europa LeagueFreiburg
45%
Conference League | Jupiler Pro LeagueGenk
45%
Serie ASassuolo
45%
ChampionshipStoke
45%
Serie BVenezia
45%
LaLigaCelta Vigo
44%
LaLigaLas Palmas
44%
LaLigaAlmeria
43%
Conference LeagueGent
43%
BundesligaBochum
42%
ChampionshipCoventry
42%
Jupiler Pro LeagueGent
42%
Ligue 1Reims
42%
Ligue 2Saint-Étienne
42%
Serie BSampdoria
42%
ChampionshipBristol City
41%
LaLigaGranada
41%
Conference League
41%
Serie BPalermo
41%
Ligue 2Paris FC
41%
Champions LeagueRed Bull Salzburg
41%
Champions LeagueShakhtar Donetsk
41%
LaLigaAlaves
40%
2. BundesligaHannover
40%
Serie AMonza
40%
LaLigaCadiz
39%
Ligue 2Guingamp
39%
Scottish PremierHearts
39%
BundesligaHeidenheim
39%
Serie ALecce
39%
ChampionshipMiddlesbrough
39%
LaLigaOsasuna
39%
LaLigaRayo Vallecano
39%
Super League (SUI)Zürich
39%
BundesligaDarmstadt
38%
Ligue 2Pau
38%
Serie ASalernitana
38%
Serie BBari
37%
ChampionshipHuddersfield
37%
ChampionshipMillwall
37%
Jupiler Pro LeagueUSG
37%
Europa LeagueOlympiacos Piraeus
36%
ChampionshipPlymouth
36%
EredivisieTwente
36%
2. BundesligaDüsseldorf
35%
Serie AEmpoli
35%
Europa LeagueUSG
35%
Europa LeagueAEK Athens
34%
Jupiler Pro LeagueClub Brugge
34%
2. BundesligaNürnberg
34%
Ligue 1Clermont
33%
Ligue 1Lorient
33%
Ligue 1Metz
33%
ChampionshipPreston
33%
Scottish PremierDundee
32%
Conference LeagueFenerbahçe
32%
Serie AFrosinone
32%
Ligue 2Ajaccio
31%
Conference LeagueBeşiktaş
31%
Conference LeagueLegia
31%
Ligue 1Le Havre
31%
ChampionshipRotherham
31%
Conference LeagueAZ Alkmaar
30%
Super League (SUI)Grasshoppers
30%
LaLiga2Levante
30%
Jupiler Pro LeagueStandard Liège
30%
2. BundesligaSt. Pauli
30%
EredivisieUtrecht
30%
LaLiga2Valladolid
30%
EredivisieVitesse
30%
Europa LeagueSlavia Praha
29%
Liga PortugalBoavista
28%
LaLiga2Eibar
28%
LaLiga2Elche
28%
Scottish PremierHibernian
28%
Europa LeagueVillarreal
28%
Conference LeagueDinamo Zagreb
27%
EredivisieNijmegen
27%
LaLiga2Zaragoza
27%
Ligue 2Angers
26%
Conference LeagueBodø/Glimt
26%
EredivisieGo Ahead Eagles
26%
2. BundesligaHolstein Kiel
26%
2. BundesligaKaiserslautern
26%
Europa League | Super League (SUI)Servette
26%
EredivisieHeerenveen
25%
Scottish PremierMotherwell
25%
Europa LeaguePanathinaikos
25%
Conference LeaguePAOK
25%
Serie BPisa
25%
Serie BSpezia
25%
Liga PortugalVitória
25%
Serie BComo
24%
Jupiler Pro LeagueCercle Brugge
23%
Conference LeagueFerencváros
23%
EredivisieFortuna Sittard
23%
2. BundesligaHansa Rostock
23%
Conference LeagueHJK
23%
Europa LeagueLASK
23%
Europa LeagueMolde
23%
Ligue 2Caen
22%
LaLiga2Gijon
22%
Scottish PremierKilmarnock
22%
Conference League | Super League (SUI)Lugano
22%
LaLiga2Real Oviedo
22%
Europe LeagueSparta Praha
22%
LaLiga2Tenerife
22%
Ligue 2Amiens
21%
EredivisieHeracles
21%
LaLiga2Leganés
21%
2. BundesligaPaderborn
21%
Europa LeagueQarabağ
21%
Ligue 2Troyes
21%
Conference LeagueViktoria Plzeň
21%
Serie BCremonese
20%
2. BundesligaKarlsruher
20%
Ligue 2Bastia
19%
2. BundesligaBraunschweig
19%
Jupiler Pro LeagueCharleroi
19%
LaLiga2Huesca
19%
Super League (SUI)Lausanne
19%
Conference LeagueLudogorets
19%
EredivisieZwolle
19%
2. BundesligaGreuther Fürth
18%
Liga PortugalRio Ave
18%
Europa LeagueSheriff Tiraspol
18%
Super League (SUI)St. Gallen
18%
Scottish PremierSt Johnstone
18%
Europa LeagueSturm Graz
18%
EredivisieVolendam
18%
EredivisieAlmere City
17%
LaLiga2Andorra
17%
EredivisieExcelsior
17%
Super League (SUI)Luzern
17%
Europa LeagueMaccabi Haifa
17%
2. BundesligaMagdeburg
17%
2. BundesligaOsnabrück
17%
Ligue 2Quevilly-Rouen
17%
Ligue 2Grenoble
16%
Serie BModena
16%
Conference LeagueSlovan Bratislava
16%
Scottish PremierSt. Mirren
16%
Ligue 2Valenciennes
16%
EredivisieWaalwijk
16%
LaLiga2Albacete
15%
Liga PortugalArouca
15%
Serie BAscoli
15%
LaLiga2Burgos
15%
Scottish PremierLivingston
15%
Conference LeagueMaccabi Tel Aviv
15%
Europa LeagueRaków
15%
Ligue 2Rodez
15%
Scottish PremierRoss County
15%
Europa LeagueAris
14%
Ligue 2Dunkerque
14%
Liga PortugalEstoril
14%
Europa LeagueHäcken
14%
Jupiler Pro LeagueKV Mechelen
14%
Jupiler Pro LeagueLeuven
14%
Serie BSüdtirol
14%
Conference LeagueAstana
13%
Liga PortugalChaves
13%
Jupiler Pro LeagueEupen
13%
Conference LeagueNordsjælland
13%
LaLiga2Villarreal B
13%
2. BundesligaElversberg
12%
Liga PortugalFamalicão
12%
LaLiga2Racing Santander
12%
Europa LeagueTSC
12%
2. BundesligaWehen
12%
Liga PortugalCasa Pia
11%
Serie BCittadella
11%
Serie BCosenza
11%
Liga PortugalGil Vicente
11%
Jupiler Pro LeagueKortrijk
11%
Ligue 2Laval
11%
Serie BLecco
11%
Liga PortugalPortimonense
11%
Serie BReggiana
11%
Jupiler Pro LeagueRWD Molenbeek
11%
Jupiler Pro LeagueSt. Truiden
11%
Serie BTernana
11%
Super League (SUI)Winterthur
11%
LaLiga2Cartagena
10%
Serie BCatanzaro
10%
Liga PortugalVizela
10%
Jupiler Pro LeagueWesterlo
10%
LaLiga2Alcorcón
9%
Ligue 2Annecy
9%
Conference LeagueBallkani
9%
Conference LeagueBreiðablik
9%
Conference LeagueČukarički
9%
Liga PortugalMoreirense
9%
Conference LeagueOlimpija Ljubljana
9%
Conference LeagueZrinjski Mostar
9%
LaLiga2Amorebieta
8%
Ligue 2Concarneau
8%
Liga PortugalEstrela
8%
Liga PortugalFarense
8%
Serie BFeralpisalò
8%
LaLiga2Mirandés
8%
LaLiga2Racing de Ferrol
8%
Conference LeagueZorya Luhansk
8%
LaLiga2Eldense
7%
Conference LeagueSpartak Trnava
7%
Super League (SUI)Stade Lausanne Ouchy
7%
Super League (SUI)Yverdon-Sport
6%

Score Distribution

Percentile by Number Answered

Percent of People with Each Score

Your Score History

You have not taken this quiz since the last reset